| 000 | 00561nam a2200181Ia 4500 | ||
|---|---|---|---|
| 008 | 240925s9999 xx 000 0 und d | ||
| 020 | _a9781597496537 | ||
| 082 | _a005.8 AND | ||
| 100 | _aAndress, Jason | ||
| 245 | 4 | _aThe Basics of Information Security: understanding the fundamentals of infosec in theory and practice | |
| 250 | _aNA | ||
| 260 |
_aAmsterdam: _bElsevier _c,2011. |
||
| 300 |
_axvi,600p. _bN.A _fPirated |
||
| 500 | _aIncludes Index | ||
| 600 | _aComputer Science | ||
| 650 | _aComputer science, information & general works | ||
| 942 | _cBK | ||
| 999 |
_c11351 _d11351 |
||